[Event "XXXV C.to Italiano a squadre A1 Nord"]
[Site "Monselice ITA"]
[Date "2003.03.28"]
[Round "3"]
[White "Caruso, Augusto"]
[Black "Bertino, Andrea"]
[Result "1-0"]
[WhiteElo "2247"]
[BlackElo "2016"]
[PlyCount "65"]
[EventDate "2003.03.15"]

1. e4 e6 2. d4 d5 3. Nc3 dxe4 4. Nxe4 Bd7 5. d5 Be7 6. Bc4 f5 7. Nc3 e5 8. Nf3
Bd6 9. O-O Nf6 10. Nxe5 Bxe5 11. Re1 Ng4 12. Bf4 O-O 13. Bxe5 Nxe5 14. Rxe5 Qh4
15. Qe2 Kh8 16. Re7 c6 17. Rd1 f4 18. f3 a6 19. d6 b5 20. Be6 Ra7 21. Qf2 Qxf2+
22. Kxf2 Rd8 23. Ne4 h6 24. Nc5 Kh7 25. Rd4 Kg6 26. Rxf4 Bxe6 27. Nxe6 Rxe7 28.
dxe7 Re8 29. Rf8 Rxe7 30. Nf4+ Kg5 31. Nh3+ Kh4 32. Rxb8 Ra7 33. Re8 1-0

[Event "XXXV C.to Italiano a squadre A1 Nord"]
[Site "Monselice ITA"]
[Date "2003.03.28"]
[Round "3"]
[White "Del Rio Angelis, Salvador Gabriel"]
[Black "Vezzosi, Paolo"]
[Result "1/2-1/2"]
[WhiteElo "2487"]
[BlackElo "2379"]
[PlyCount "103"]
[EventDate "2003.03.15"]

1. e4 c6 2. d4 d5 3. Nd2 dxe4 4. Nxe4 Nf6 5. Nxf6+ exf6 6. c3 Bd6 7. Bd3 O-O 8.
Qc2 Re8+ 9. Ne2 g6 10. Bh6 Qa5 11. Qd2 Bf5 12. Be3 Nd7 13. O-O Bxd3 14. Qxd3
Rad8 15. Nf4 Nc5 16. Qd1 Bxf4 17. Bxf4 Ne6 18. Bg3 c5 19. Qf3 cxd4 20. Qxf6 Ng7
21. cxd4 Nh5 22. Qf3 Qd5 23. Qxd5 Rxd5 24. Bc7 Rxd4 25. Rfe1 Nf6 26. Rxe8+ Nxe8
27. Ba5 f6 28. Bc3 Rd7 29. f3 Kf7 30. Kf2 Nc7 31. Rc1 Nd5 32. Bd2 h5 33. h4 Ke6
34. g4 Rh7 35. Kg3 Rc7 36. Rxc7 Nxc7 37. gxh5 gxh5 38. Kf4 Nd5+ 39. Ke4 Ne7 40.
Be1 Nc6 41. a4 b6 42. b4 a6 43. b5 axb5 44. axb5 Na7 45. Bf2 Nxb5 46. Bxb6 Nc3+
47. Kd3 Nd5 48. Bf2 Kf5 49. Bg3 Nf4+ 50. Ke3 Ng6 51. Kd3 Nf4+ 52. Ke3 1/2-1/2

[Event "XXXV C.to Italiano a squadre A1 Nord"]
[Site "Monselice ITA"]
[Date "2003.03.28"]
[Round "3"]
[White "Di Paolo, Raffaele"]
[Black "Dervishi, Erald"]
[Result "0-1"]
[WhiteElo "2340"]
[BlackElo "2530"]
[PlyCount "82"]
[EventDate "2003.03.15"]

1. e4 e5 2. Nf3 Nc6 3. Bb5 a6 4. Ba4 Nf6 5. O-O Be7 6. Re1 b5 7. Bb3 d6 8. c3
O-O 9. h3 Bb7 10. d4 Re8 11. Nbd2 Bf8 12. a4 h6 13. Bc2 exd4 14. cxd4 Nb4 15.
Bb1 c5 16. d5 Nd7 17. Ra3 f5 18. Nh2 Nf6 19. Rg3 Qd7 20. b3 Kh8 21. Bb2 Qf7 22.
exf5 Rxe1+ 23. Qxe1 Re8 24. Qc1 Nbxd5 25. Ndf3 b4 26. Ng4 Nxg4 27. hxg4 Nc3 28.
Bxc3 bxc3 29. Qxc3 Qf6 30. Qxf6 gxf6 31. Bd3 d5 32. Nd2 Re1+ 33. Nf1 d4 34. Bc4
Bd6 35. Rd3 Bf4 36. g3 Bc1 37. f3 Be3+ 38. Kg2 Re2+ 39. Kh3 Bxf3 40. Nxe3 Re1
41. Nf1 Rxf1 0-1

[Event "XXXV C.to Italiano a squadre A1 Nord"]
[Site "Monselice ITA"]
[Date "2003.03.28"]
[Round "3"]
[White "Godena, Michele"]
[Black "Negro, Roberto"]
[Result "1/2-1/2"]
[WhiteElo "2524"]
[BlackElo "2132"]
[PlyCount "73"]
[EventDate "2003.03.15"]

1. e4 Nc6 2. Nf3 d6 3. d4 Nf6 4. c3 Bg4 5. h3 Bh5 6. Bd3 e6 7. Nbd2 Be7 8. Qc2
Bg6 9. O-O O-O 10. Re1 d5 11. a3 Rc8 12. b4 Re8 13. Bb2 a6 14. c4 dxe4 15. Nxe4
Nxe4 16. Bxe4 Bf6 17. Bxg6 hxg6 18. Qe4 Rb8 19. g4 Na7 20. Rad1 Nc8 21. c5 Na7
22. Bc1 Nb5 23. Rd3 Qd5 24. a4 Qxe4 25. Rxe4 Na7 26. Bf4 Rbc8 27. g5 Be7 28. d5
exd5 29. Rxd5 Kf8 30. Rd3 Nc6 31. b5 axb5 32. axb5 Nd8 33. Ne5 Ne6 34. Nxg6+
fxg6 35. Rxe6 Bxc5 36. Rxe8+ Kxe8 37. Be5 1/2-1/2

[Event "XXXV C.to Italiano a squadre A1 Nord"]
[Site "Monselice ITA"]
[Date "2003.03.28"]
[Round "3"]
[White "Guerra, Alessandro"]
[Black "Stangl, Markus"]
[Result "0-1"]
[WhiteElo "2192"]
[BlackElo "2494"]
[PlyCount "66"]
[EventDate "2003.03.15"]

1. d4 Nf6 2. Nf3 g6 3. g3 Bg7 4. Bg2 O-O 5. O-O d5 6. c4 Nc6 7. Ne5 dxc4 8.
Nxc6 bxc6 9. Nc3 Nd5 10. Qa4 Nb6 11. Qa3 Qd6 12. Qxd6 cxd6 13. Bxc6 Rb8 14. Rd1
Bb7 15. Bxb7 Rxb7 16. e4 d5 17. e5 Rc8 18. g4 e6 19. f4 f5 20. exf6 Bxf6 21.
Be3 Rd8 22. Rd2 Nc8 23. Rf1 Nd6 24. Rc2 Bg7 25. Re1 Rb4 26. Kh1 Rdb8 27. f5
gxf5 28. Bf4 Rxb2 29. Rxb2 Rxb2 30. Bxd6 Bxd4 31. Na4 Rxa2 32. gxf5 Rxa4 33.
fxe6 Ra1 0-1

[Event "XXXV C.to Italiano a squadre A1 Nord"]
[Site "Monselice ITA"]
[Date "2003.03.28"]
[Round "3"]
[White "Iotti, Pierluigi"]
[Black "Skembris, Spyridon"]
[Result "1/2-1/2"]
[WhiteElo "2314"]
[BlackElo "2426"]
[PlyCount "123"]
[EventDate "2003.03.15"]

1. d4 d5 2. Nf3 c6 3. Bf4 Bg4 4. Nbd2 Nd7 5. e3 e6 6. h3 Bh5 7. Be2 Ngf6 8. O-O
Be7 9. c4 O-O 10. Qb3 Qb6 11. Rfc1 Ne4 12. g4 Nxd2 13. Nxd2 Bg6 14. c5 Qxb3 15.
axb3 f6 16. b4 e5 17. Bg3 a6 18. Nb3 Rfe8 19. Re1 Rab8 20. Rac1 Bd8 21. f4 exf4
22. Bxf4 Rc8 23. Na5 Bxa5 24. bxa5 Nf8 25. Rc3 Ne6 26. Bd6 Nc7 27. Bxc7 Rxc7
28. Ra1 Be4 29. Raa3 g5 30. Rab3 Kg7 31. Rb6 Ree7 32. Rcb3 f5 33. Kf2 Kf6 34.
Kg3 Kg6 35. Rc3 h6 36. Rbb3 Re6 37. Rc1 Rce7 38. Rbc3 Rf6 39. Rf1 Ref7 40. Rcc1
f4+ 41. exf4 gxf4+ 42. Kf2 Kg5 43. Bf3 Bxf3 44. Kxf3 Re6 45. Rfe1 Rfe7 46. Rxe6
Rxe6 47. Rc3 Re4 48. Rb3 Rxd4 49. h4+ Kxh4 50. Rxb7 Rc4 51. b4 Kg5 52. Rg7+ Kf6
53. Rh7 Rxb4 54. Rxh6+ Kg5 55. Rh5+ Kg6 56. Re5 Rc4 57. g5 Kh5 58. Rf5 Rxc5 59.
Kxf4 Rc4+ 60. Ke5 Kg6 61. Rf8 Kxg5 62. Rg8+ 1/2-1/2

[Event "XXXV C.to Italiano a squadre A1 Nord"]
[Site "Monselice ITA"]
[Date "2003.03.28"]
[Round "3"]
[White "Manca, Federico"]
[Black "Pernigotti, Carlo"]
[Result "1-0"]
[WhiteElo "2349"]
[BlackElo "2201"]
[PlyCount "103"]
[EventDate "2003.03.15"]

1. e4 c5 2. c3 d5 3. exd5 Qxd5 4. d4 Nf6 5. Nf3 e6 6. Be3 cxd4 7. cxd4 Nc6 8.
Nc3 Qd6 9. a3 Be7 10. Bd3 O-O 11. O-O b6 12. Qe2 Bb7 13. Rad1 Rfd8 14. Rfe1
Rac8 15. Bg5 h6 16. Bh4 Qf4 17. Bg3 Qg4 18. h3 Qh5 19. Qe3 Bf8 20. Qf4 Ne7 21.
Re5 Ng6 22. Qxf6 Nxe5 23. Qxe5 Bxf3 24. gxf3 Qxf3 25. Be4 Qf6 26. Qxf6 gxf6 27.
Rd3 Rd7 28. d5 Rcd8 29. Bh4 Be7 30. Bg2 f5 31. Bg3 Bf6 32. d6 Rc8 33. Rd1 Kg7
34. Bf1 Rc5 35. Na4 Ra5 36. b4 Rxa4 37. Bb5 Rxd6 38. Bxa4 Rxd1+ 39. Bxd1 a5 40.
bxa5 bxa5 41. Bc7 Bc3 42. a4 Kf6 43. f3 e5 44. Bc2 Kg5 45. Kf2 Kf6 46. Bd8+ Ke6
47. Ke2 Kd7 48. Bh4 f4 49. Be1 Bxe1 50. Kxe1 Ke6 51. Kd2 f5 52. Kc3 1-0

[Event "XXXV C.to Italiano a squadre A1 Nord"]
[Site "Monselice ITA"]
[Date "2003.03.28"]
[Round "3"]
[White "Mantovani, Renzo"]
[Black "Cugini, Verter"]
[Result "1-0"]
[WhiteElo "2349"]
[BlackElo "2221"]
[PlyCount "149"]
[EventDate "2003.03.15"]

1. Nf3 g6 2. d4 Bg7 3. e4 d6 4. c3 Nd7 5. Bc4 Nb6 6. Bb3 h6 7. O-O Nf6 8. e5
Nh7 9. Re1 d5 10. h3 Be6 11. Nbd2 Qd7 12. a4 a5 13. Bc2 Bf5 14. Nb3 Bxc2 15.
Qxc2 e6 16. Nc5 Qc6 17. b4 Nc4 18. Nd2 Nxd2 19. Bxd2 Bf8 20. b5 Qb6 21. Nb3 g5
22. c4 dxc4 23. Qxc4 Be7 24. Rec1 Bd8 25. Be3 c6 26. bxc6 Qxc6 27. Qxc6+ bxc6
28. Rxc6 Nf8 29. Nc5 Ng6 30. Ne4 Ne7 31. Nf6+ Kf8 32. Rc2 Kg7 33. Rb1 Nf5 34.
g4 Nh4 35. Nh5+ Kg6 36. Rb7 Re8 37. f4 Re7 38. f5+ exf5 39. Rc6+ Kh7 40. Rxe7
Bxe7 41. Rc7 Re8 42. Bf2 fxg4 43. Bxh4 gxh4 44. hxg4 Kg6 45. Kg2 Bg5 46. Rc6+
Kh7 47. Kf3 Rb8 48. Rc7 Rb3+ 49. Ke4 Kg6 50. Rc6+ Kh7 51. Nf6+ Kg7 52. Ne8+ Kf8
53. Rc8 Ke7 54. Nd6 f6 55. Rc7+ Kd8 56. Rh7 fxe5 57. dxe5 Be7 58. Rxh6 Bxd6 59.
Rxd6+ Ke7 60. Ra6 h3 61. Rxa5 Kf8 62. Ra6 Kg7 63. g5 Rb4+ 64. Kf5 Rh4 65. Ra7+
Kf8 66. Kf6 Rf4+ 67. Kg6 Rh4 68. Rf7+ Ke8 69. Rf1 h2 70. Rh1 Ke7 71. a5 Ke6 72.
a6 Rh8 73. Kg7 Ra8 74. Rxh2 Rxa6 75. Rh6+ 1-0

[Event "XXXV C.to Italiano a squadre A1 Nord"]
[Site "Monselice ITA"]
[Date "2003.03.28"]
[Round "3"]
[White "Massa, Giovanni"]
[Black "Scalcione, Michelangelo"]
[Result "0-1"]
[WhiteElo "2110"]
[BlackElo "2366"]
[PlyCount "70"]
[EventDate "2003.03.15"]

1. e4 e5 2. Nf3 d6 3. d4 exd4 4. Nxd4 Nf6 5. Nc3 Be7 6. Bf4 O-O 7. f3 a6 8. Qd2
b5 9. g4 b4 10. Nd5 Nxd5 11. exd5 Bh4+ 12. Bg3 Re8+ 13. Be2 Bg5 14. Qxb4 a5 15.
Qa4 Nd7 16. Qc6 Nb6 17. c4 Bd7 18. Qb7 Qf6 19. Bf2 Bh4 20. Rd1 Bxf2+ 21. Kxf2
Bxg4 22. Rhg1 Qh4+ 23. Rg3 Qxh2+ 24. Rg2 Qh4+ 25. Rg3 Na4 26. Kg2 Bd7 27. Qxc7
Qe7 28. Kf2 Nxb2 29. Rdg1 Qe3+ 30. Kf1 g6 31. Qxd7 Qxd4 32. Qxd6 Rad8 33. Qa6
Qe5 34. R1g2 Nd3 35. Kg1 Nf4 0-1

[Event "XXXV C.to Italiano a squadre A1 Nord"]
[Site "Monselice ITA"]
[Date "2003.03.28"]
[Round "3"]
[White "Ortega, Lexy"]
[Black "Fabris, Alberto"]
[Result "1-0"]
[WhiteElo "2452"]
[BlackElo "2230"]
[PlyCount "59"]
[EventDate "2003.03.15"]

1. d4 Nf6 2. Nf3 e6 3. Bf4 b6 4. e3 Bb7 5. Nbd2 Be7 6. c3 O-O 7. Bd3 d5 8. Ne5
Nbd7 9. Qf3 c5 10. Rd1 a6 11. Qh3 Re8 12. Ndf3 Ne4 13. dxc5 Ndxc5 14. Bxe4 Nxe4
15. Nxf7 Qc8 16. N7e5 Bf6 17. O-O a5 18. Ng4 Ba6 19. Rfe1 Qb7 20. Nfe5 Rac8 21.
f3 Ng5 22. Qg3 Qe7 23. Nxf6+ gxf6 24. Bxg5 fxg5 25. h4 h6 26. Rd4 Kh7 27. hxg5
Qxg5 28. Rg4 Qe7 29. Rg6 Rg8 30. Kf2 1-0

[Event "XXXV C.to Italiano a squadre A1 Nord"]
[Site "Monselice ITA"]
[Date "2003.03.28"]
[Round "3"]
[White "Simoli, Sergio"]
[Black "Borgo, Giulio"]
[Result "1/2-1/2"]
[WhiteElo "2280"]
[BlackElo "2430"]
[PlyCount "44"]
[EventDate "2003.03.15"]

1. c4 e6 2. g3 d5 3. Bg2 Nf6 4. Nf3 Nbd7 5. b3 Bd6 6. Bb2 Qe7 7. O-O O-O 8. d4
dxc4 9. bxc4 c5 10. e3 Nb6 11. Qc2 Bd7 12. a4 Bc6 13. a5 Nbd7 14. Nc3 Rac8 15.
Rfd1 cxd4 16. exd4 Bxf3 17. Bxf3 Rxc4 18. Bxb7 Rb4 19. Bg2 Rfb8 20. Ra2 h5 21.
Bc1 Rc4 22. Qd3 Rbc8 1/2-1/2

[Event "XXXV C.to Italiano a squadre A1 Nord"]
[Site "Monselice ITA"]
[Date "2003.03.29"]
[Round "4"]
[White "Borgo, Giulio"]
[Black "Bertino, Andrea"]
[Result "1/2-1/2"]
[WhiteElo "2430"]
[BlackElo "2016"]
[PlyCount "45"]
[EventDate "2003.03.15"]

1. c4 c6 2. Nf3 d5 3. e3 e6 4. d4 Nf6 5. Bd3 Nbd7 6. Nbd2 Be7 7. O-O O-O 8. e4
dxe4 9. Nxe4 b6 10. Qe2 Bb7 11. Rd1 Qc7 12. Bg5 Rfe8 13. c5 Nxe4 14. Qxe4 Nf8
15. Rac1 Rad8 16. b4 b5 17. Bf4 Qc8 18. h4 Rd5 19. Qe3 Bd8 20. Be4 Rd7 21. Ne5
Rde7 22. Qf3 Rc7 23. Qg3 1/2-1/2

[Event "XXXV C.to Italiano a squadre A1 Nord"]
[Site "Monselice ITA"]
[Date "2003.03.29"]
[Round "4"]
[White "Contin, Daniel"]
[Black "Caruso, Augusto"]
[Result "1-0"]
[WhiteElo "2330"]
[BlackElo "2247"]
[PlyCount "97"]
[EventDate "2003.03.15"]

1. Nf3 f5 2. c4 Nf6 3. g3 e6 4. b3 Be7 5. Bb2 d6 6. d4 a5 7. Nc3 O-O 8. Bg2 Qe8
9. O-O Na6 10. Re1 Qg6 11. e4 Nxe4 12. Nxe4 fxe4 13. Rxe4 Nb4 14. Qe2 Bf6 15.
a3 Na6 16. Bh3 Nc5 17. Re3 Qh5 18. Kg2 e5 19. Bxc8 exd4 20. g4 Qf7 21. Be6 Nxe6
22. Rxe6 c5 23. Qe4 Be5 24. Qd5 Kh8 25. Re1 Qf4 26. Qe4 Qf7 27. Qd5 Qf4 28. h3
a4 29. bxa4 Rxa4 30. Bc1 Qf7 31. R6xe5 dxe5 32. Qxf7 Rxf7 33. Rxe5 Ra8 34. Rxc5
Raf8 35. Nxd4 Rxf2+ 36. Kg3 h6 37. Rc7 b6 38. Nf5 Rc2 39. Be3 Rc3 40. Kf4 Rd3
41. Ke4 Rxa3 42. Nxg7 Rf1 43. Nf5 h5 44. Rf7 Rxe3+ 45. Kxe3 Rc1 46. Kd4 Rh1 47.
g5 Rg1 48. h4 Rg4+ 49. Kd5 1-0

[Event "XXXV C.to Italiano a squadre A1 Nord"]
[Site "Monselice ITA"]
[Date "2003.03.29"]
[Round "4"]
[White "Cugini, Verter"]
[Black "Fabris, Alberto"]
[Result "1/2-1/2"]
[WhiteElo "2221"]
[BlackElo "2230"]
[PlyCount "103"]
[EventDate "2003.03.15"]

1. e4 d6 2. d4 Nf6 3. Nc3 g6 4. g3 Bg7 5. Bg2 O-O 6. Nge2 e5 7. O-O Nc6 8. d5
Ne7 9. h3 c6 10. Bg5 cxd5 11. Bxf6 Bxf6 12. Nxd5 Nxd5 13. Qxd5 Qb6 14. Qb3 Qxb3
15. axb3 Be6 16. Nc3 a6 17. Rfd1 Be7 18. Rd2 Rfc8 19. h4 Rc7 20. Kh2 Kg7 21.
Bh3 f5 22. Re1 Kf7 23. f4 exf4 24. exf5 fxg3+ 25. Kg2 gxf5 26. Rde2 Rxc3 27.
bxc3 Bd5+ 28. Kxg3 Rg8+ 29. Kh2 Bxh4 30. Rg1 Rxg1 31. Kxg1 Be4 32. Bg2 d5 33.
c4 Bxg2 34. Rxg2 dxc4 35. Rh2 Bf6 36. Rxh7+ Bg7 37. bxc4 a5 38. Rh3 Bd4+ 39.
Kf1 b6 40. Ra3 Ke6 41. Ke2 Ke5 42. Kf3 Bc5 43. Rd3 a4 44. Rd5+ Ke6 45. c3 a3
46. Rd2 Bd6 47. Rd1 Be5 48. Ra1 Bd6 49. Rd1 Bc5 50. Rd2 Bd6 51. Rd1 Bc5 52. Rd2
1/2-1/2

[Event "XXXV C.to Italiano a squadre A1 Nord"]
[Site "Monselice ITA"]
[Date "2003.03.29"]
[Round "4"]
[White "Dervishi, Erald"]
[Black "Del Rio Angelis, Salvador Gabriel"]
[Result "1/2-1/2"]
[WhiteElo "2530"]
[BlackElo "2487"]
[PlyCount "117"]
[EventDate "2003.03.15"]

1. e4 e6 2. d4 d5 3. Nd2 a6 4. Bd3 c5 5. dxc5 Bxc5 6. Ngf3 Nc6 7. exd5 exd5 8.
O-O Nge7 9. Nb3 Bb6 10. c3 O-O 11. Re1 h6 12. Be3 Bg4 13. Bxb6 Qxb6 14. Be2 a5
15. a4 Bxf3 16. Bxf3 Rfd8 17. Ra3 Rd6 18. Nd2 Rad8 19. Rb3 Qc7 20. Qc1 Ng6 21.
Be2 Nf4 22. Bf1 Rf6 23. g3 Ne6 24. Qb1 Nc5 25. Ra3 Qb6 26. Re3 g6 27. b4 Ne6
28. bxa5 Qxb1 29. Nxb1 Nxa5 30. Nd2 Nc5 31. Ra2 Kg7 32. Kg2 d4 33. cxd4 Rxd4
34. Nf3 Rb4 35. Bb5 Rd6 36. Re7 Kf6 37. Rc7 Ne6 38. Rc3 b6 39. Ne1 Nd4 40. Ba6
Rb3 41. Rxb3 Naxb3 42. Nd3 g5 43. h3 Ne6 44. Nb4 Rd4 45. Nc6 Rd6 46. Na7 Nbc5
47. Bb5 Rd8 48. Nc6 Rd6 49. Nb4 Nc7 50. Rc2 N7e6 51. Rc3 Kg7 52. Rc2 Nd4 53.
Rb2 Nxb5 54. axb5 Nd3 55. Nxd3 Rxd3 56. Kf1 Rd5 57. Ke2 f5 58. Rb4 Kf6 59. h4
1/2-1/2

[Event "XXXV C.to Italiano a squadre A1 Nord"]
[Site "Monselice ITA"]
[Date "2003.03.29"]
[Round "4"]
[White "Di Paolo, Raffaele"]
[Black "Godena, Michele"]
[Result "1/2-1/2"]
[WhiteElo "2340"]
[BlackElo "2524"]
[PlyCount "35"]
[EventDate "2003.03.15"]

1. e4 e5 2. Nf3 Nc6 3. Bb5 Nf6 4. O-O Nxe4 5. d4 Nd6 6. Bxc6 dxc6 7. dxe5 Ne4
8. Qe2 Bf5 9. Rd1 Qc8 10. Nbd2 Nxd2 11. Bxd2 Bxc2 12. Re1 Bf5 13. e6 Bxe6 14.
Bc3 Bd6 15. Ng5 O-O 16. Nxh7 Bg4 17. Qe4 Rd8 18. h3 1/2-1/2

[Event "XXXV C.to Italiano a squadre A1 Nord"]
[Site "Monselice ITA"]
[Date "2003.03.29"]
[Round "4"]
[White "Guerra, Alessandro"]
[Black "Vezzosi, Paolo"]
[Result "1-0"]
[WhiteElo "2192"]
[BlackElo "2379"]
[PlyCount "51"]
[EventDate "2003.03.15"]

1. d4 Nf6 2. Nf3 d5 3. g3 Bf5 4. Bg2 c6 5. O-O e6 6. c4 Nbd7 7. Nc3 dxc4 8. Nh4
Bg4 9. h3 Bh5 10. g4 Bg6 11. g5 Nh5 12. e4 Be7 13. Qg4 Nf8 14. d5 e5 15. Nf5
Bb4 16. Rd1 Bxc3 17. bxc3 c5 18. Bf1 Bxf5 19. exf5 g6 20. Bxc4 Nd7 21. Rb1 Rb8
22. Bb5 a6 23. Bxd7+ Qxd7 24. Re1 Qxd5 25. c4 Qd4 26. Bb2 1-0

[Event "XXXV C.to Italiano a squadre A1 Nord"]
[Site "Monselice ITA"]
[Date "2003.03.29"]
[Round "4"]
[White "Massa, Giovanni"]
[Black "Ortega, Lexy"]
[Result "1/2-1/2"]
[WhiteElo "2110"]
[BlackElo "2452"]
[PlyCount "39"]
[EventDate "2003.03.15"]

1. e4 c5 2. Nf3 e6 3. d4 cxd4 4. Nxd4 a6 5. Bd3 Bc5 6. Nb3 Ba7 7. O-O Nc6 8.
Qe2 d6 9. c4 Nf6 10. Be3 O-O 11. Nc3 Bxe3 12. Qxe3 Ne5 13. Rac1 Qc7 14. Rfd1
Nfg4 15. Qe2 Nxd3 16. Rxd3 Ne5 17. Rd4 Nc6 18. Rdd1 Ne5 19. Rd4 Nc6 20. Rdd1
1/2-1/2

[Event "XXXV C.to Italiano a squadre A1 Nord"]
[Site "Monselice ITA"]
[Date "2003.03.29"]
[Round "4"]
[White "Scalcione, Michelangelo"]
[Black "Mantovani, Renzo"]
[Result "1-0"]
[WhiteElo "2366"]
[BlackElo "2349"]
[PlyCount "103"]
[EventDate "2003.03.15"]

1. Nf3 d5 2. d4 Nf6 3. c4 e6 4. Nc3 Be7 5. Bg5 Nbd7 6. e3 h6 7. Bf4 O-O 8. Qc2
c5 9. O-O-O Qa5 10. cxd5 Nxd5 11. Nxd5 exd5 12. Kb1 Nf6 13. dxc5 Be6 14. Nd4
Rac8 15. Nxe6 fxe6 16. Qg6 Qa4 17. Bd3 Qe8 18. Qxe8 Rcxe8 19. b4 a5 20. Bb5 Rd8
21. Bc7 Ra8 22. f3 axb4 23. Bb6 Rfc8 24. Rc1 Ra3 25. e4 Rca8 26. c6 bxc6 27.
Bxc6 R8a6 28. Bd4 dxe4 29. fxe4 Rxa2 30. Bb5 R6a3 31. Bc4 Rxg2 32. Bxe6+ Kh7
33. Rc7 Bd8 34. Bf5+ Kg8 35. Rc8 Kf7 36. Rxd8 g6 37. Rd6 Nh5 38. Bxg6+ Ke7 39.
Be5 Ng7 40. Rf1 Rb3+ 41. Kc1 Rc3+ 42. Bxc3 Kxd6 43. Bxg7 Kc5 44. Bf8+ Kd4 45.
Rd1+ Kc3 46. Bg7+ Kb3 47. Bf7+ Ka4 48. Bxh6 Rxh2 49. Bd2 Ka3 50. Kc2 b3+ 51.
Bxb3 Rh1 52. Bc1+ 1-0

[Event "XXXV C.to Italiano a squadre A1 Nord"]
[Site "Monselice ITA"]
[Date "2003.03.29"]
[Round "4"]
[White "Simoli, Sergio"]
[Black "Camerini, Lorenzo"]
[Result "1-0"]
[WhiteElo "2280"]
[BlackElo "1843"]
[PlyCount "94"]
[EventDate "2003.03.15"]

1. Nf3 d6 2. g3 g6 3. Bg2 Bg7 4. O-O Nf6 5. c4 O-O 6. Nc3 e5 7. d3 Nc6 8. Rb1
a5 9. a3 Bf5 10. Nd2 Qd7 11. b4 axb4 12. axb4 Bh3 13. b5 Bxg2 14. Kxg2 Ne7 15.
e4 c6 16. Re1 c5 17. Nf1 Kh8 18. Ne3 Nfg8 19. Ned5 Nxd5 20. Nxd5 Qd8 21. b6 Bh6
22. Bb2 Bg7 23. Qe2 Ne7 24. Nc7 Rb8 25. Bc3 Qd7 26. h3 Nc8 27. Qb2 Ne7 28. Re2
Nc6 29. Ra1 Nd8 30. f4 Nc6 31. g4 f6 32. f5 Bh6 33. Rf1 Rf7 34. Qa1 Bf4 35. Ra2
g5 36. Rh1 Kg8 37. h4 h6 38. Ne6 Be3 39. Ra8 Qc8 40. Rxb8 Qxb8 41. hxg5 Bxg5
42. Rh3 Nd8 43. Nc7 Qc8 44. Kf3 Qd7 45. Rh2 Bf4 46. Ra2 h5 47. Rg2 Rg7 1-0

[Event "XXXV C.to Italiano a squadre A1 Nord"]
[Site "Monselice ITA"]
[Date "2003.03.29"]
[Round "4"]
[White "Skembris, Spyridon"]
[Black "Manca, Federico"]
[Result "1-0"]
[WhiteElo "2426"]
[BlackElo "2349"]
[PlyCount "121"]
[EventDate "2003.03.15"]

1. e4 c5 2. Nf3 Nc6 3. d4 cxd4 4. Nxd4 g6 5. c4 Bg7 6. Be3 Nf6 7. Nc3 O-O 8.
Be2 d6 9. O-O Bd7 10. Nc2 b6 11. f3 Bc8 12. Qd2 Bb7 13. Rac1 Ne5 14. Nd4 a6 15.
b3 Re8 16. Rfd1 Ned7 17. Bf1 e6 18. Nc2 Bf8 19. Bf4 Ne5 20. Qf2 Qc7 21. Na4
Ned7 22. Qd2 Ne5 23. Nb4 Rad8 24. Qf2 Ned7 25. Nd3 Bc6 26. c5 bxc5 27. Ndxc5
Nxc5 28. Nxc5 Nh5 29. Nxa6 Qb7 30. Be3 Ra8 31. Nc7 Qxc7 32. Bb5 Reb8 33. Rxc6
Qa5 34. a4 Qb4 35. Qc2 Nf6 36. Bd4 Rxb5 37. axb5 e5 38. Bf2 Qxb5 39. Qc4 Qxc4
40. bxc4 Kg7 41. c5 dxc5 42. Bxc5 h5 43. Bxf8+ Rxf8 44. Rdd6 Nh7 45. Rd7 h4 46.
Re7 Ra8 47. Rcc7 Ra1+ 48. Kf2 Ra2+ 49. Ke3 Ra3+ 50. Kd2 Ng5 51. Rxe5 Kf6 52.
Ree7 h3 53. f4 Ra2+ 54. Ke3 Ra3+ 55. Kf2 Ra2+ 56. Kg3 Rxg2+ 57. Kh4 Nf3+ 58.
Kxh3 Rg1 59. Rxf7+ Ke6 60. Rg7 Kf6 61. Rce7 1-0

[Event "XXXV C.to Italiano a squadre A1 Nord"]
[Site "Monselice ITA"]
[Date "2003.03.29"]
[Round "4"]
[White "Stangl, Markus"]
[Black "Pernigotti, Carlo"]
[Result "1-0"]
[WhiteElo "2494"]
[BlackElo "2201"]
[PlyCount "45"]
[EventDate "2003.03.15"]

1. Nf3 d5 2. c4 dxc4 3. Na3 a6 4. Nxc4 e6 5. a4 Nf6 6. g3 Be7 7. Bg2 O-O 8. O-O
Nbd7 9. d3 Rb8 10. a5 Re8 11. Bd2 Bf8 12. b4 e5 13. Qb3 Qe7 14. e4 Qd8 15. Ng5
Qe7 16. f4 exf4 17. gxf4 h6 18. Nf3 b5 19. Ne3 c5 20. e5 Nh7 21. d4 cxd4 22.
Nxd4 Bb7 23. Nc6 1-0

[Event "XXXV C.to Italiano a squadre A1 Nord"]
[Site "Monselice ITA"]
[Date "2003.03.29"]
[Round "4"]
[White "Tirabassi, Maurizio"]
[Black "Negro, Roberto"]
[Result "1-0"]
[WhiteElo "2330"]
[BlackElo "2132"]
[PlyCount "67"]
[EventDate "2003.03.15"]

1. c4 f5 2. b3 Nf6 3. Bb2 e6 4. g3 Be7 5. Bg2 O-O 6. Nh3 c5 7. O-O Nc6 8. d3
Ng4 9. e3 Bf6 10. Nc3 g6 11. Qd2 b6 12. Rad1 Bb7 13. d4 Rf7 14. d5 Nb4 15. a3
Na6 16. Nb5 Rb8 17. Nd6 Bxb2 18. Nxb7 Qf6 19. Nd6 Rff8 20. Nb5 Qg7 21. Nf4 Rbe8
22. h3 Nh6 23. dxe6 dxe6 24. Nxe6 Rxe6 25. Bd5 Rfe8 26. Bxe6+ Rxe6 27. Qd5 Qe7
28. Nxa7 Nc7 29. Qb7 Bxa3 30. Nc6 Qg7 31. Rd8+ Re8 32. Rfd1 Nf7 33. Rxe8+ Nxe8
34. Qa8 1-0

[Event "XXXV C.to Italiano a squadre A1 Nord"]
[Site "Monselice ITA"]
[Date "2003.03.30"]
[Round "5"]
[White "Bertino, Andrea"]
[Black "Contin, Daniel"]
[Result "0-1"]
[WhiteElo "2016"]
[BlackElo "2330"]
[PlyCount "74"]
[EventDate "2003.03.15"]

1. d4 Nf6 2. c4 e6 3. Nf3 b6 4. Nc3 Bb4 5. Bg5 h6 6. Bh4 Bxc3+ 7. bxc3 Bb7 8.
e3 d6 9. Ng1 g5 10. Bg3 Ne4 11. Qc2 Nd7 12. f3 Nxg3 13. hxg3 h5 14. Bd3 c5 15.
g4 Nf6 16. Ne2 Ke7 17. gxh5 Nxh5 18. O-O-O Qc7 19. d5 Nf6 20. e4 b5 21. e5 dxe5
22. dxe6 bxc4 23. Bxc4 e4 24. exf7 Qe5 25. Rxh8 Rxh8 26. Qb3 Rb8 27. Rd8 Rxd8
28. Qxb7+ Kf8 29. Qc6 Kg7 30. Qb7 Rf8 31. fxe4 Nxe4 32. Bd5 Nd6 33. Qb2 c4 34.
Qd2 Nxf7 35. Bxc4 Nd6 36. Bd5 Rf1+ 37. Kb2 Rf2 0-1

[Event "XXXV C.to Italiano a squadre A1 Nord"]
[Site "Monselice ITA"]
[Date "2003.03.30"]
[Round "5"]
[White "Caruso, Augusto"]
[Black "Simoli, Sergio"]
[Result "1/2-1/2"]
[WhiteElo "2247"]
[BlackElo "2280"]
[PlyCount "47"]
[EventDate "2003.03.15"]

1. e4 g6 2. d4 d6 3. Be3 c6 4. Qd2 Na6 5. Nc3 Bg7 6. f3 h5 7. g3 Rb8 8. Nh3 b5
9. Nf2 Nf6 10. Bg2 Nd7 11. f4 Nb6 12. b3 Nc7 13. Ne2 d5 14. O-O h4 15. g4 h3
16. Bf3 dxe4 17. Nxe4 Nbd5 18. c4 bxc4 19. bxc4 Rb2 20. Qxb2 Nxe3 21. Qb8 Nxf1
22. Rxf1 Ne6 23. Rd1 O-O 24. d5 1/2-1/2

[Event "XXXV C.to Italiano a squadre A1 Nord"]
[Site "Monselice ITA"]
[Date "2003.03.30"]
[Round "5"]
[White "Del Rio Angelis, Salvador Gabriel"]
[Black "Di Paolo, Raffaele"]
[Result "1/2-1/2"]
[WhiteElo "2487"]
[BlackElo "2340"]
[PlyCount "86"]
[EventDate "2003.03.15"]

1. e4 c5 2. Nf3 Nc6 3. d4 cxd4 4. Nxd4 Nf6 5. Nc3 e5 6. Ndb5 d6 7. Nd5 Nxd5 8.
exd5 Nb8 9. Be3 Be7 10. Qd2 a6 11. Na3 Nd7 12. Nc4 O-O 13. Be2 f5 14. f4 exf4
15. Bxf4 Nc5 16. Qa5 Qxa5+ 17. Nxa5 g5 18. Be3 Bf6 19. O-O-O Na4 20. Bd4 Bxd4
21. Rxd4 b5 22. h4 g4 23. Rf4 Nb6 24. Rd1 Bd7 25. Rdd4 Rae8 26. Kd2 Re5 27. c4
Rfe8 28. Bf1 bxc4 29. Nb7 Nxd5 30. Nxd6 Nxf4 31. Nxe8 Bxe8 32. Rxf4 Kg7 33.
Rxc4 Bb5 34. Rf4 Kf6 35. Bxb5 Rxb5 36. b4 Ke5 37. g3 Rd5+ 38. Ke2 a5 39. bxa5
Rxa5 40. a4 Rc5 41. Kd2 Rd5+ 42. Ke2 Rc5 43. Kd2 Rd5+ 1/2-1/2

[Event "XXXV C.to Italiano a squadre A1 Nord"]
[Site "Monselice ITA"]
[Date "2003.03.30"]
[Round "5"]
[White "Fabris, Alberto"]
[Black "Scalcione, Michelangelo"]
[Result "1/2-1/2"]
[WhiteElo "2230"]
[BlackElo "2366"]
[PlyCount "44"]
[EventDate "2003.03.15"]

1. d4 Nf6 2. Nf3 g6 3. Nc3 d5 4. Bf4 c6 5. e3 Bg7 6. Be2 O-O 7. O-O Nbd7 8. Re1
Nh5 9. Ne5 Nxf4 10. exf4 e6 11. Na4 Qc7 12. g3 b6 13. b4 f6 14. Nxd7 Bxd7 15.
Bg4 Rae8 16. c3 e5 17. Bxd7 Qxd7 18. fxe5 fxe5 19. dxe5 Bxe5 20. Qd3 Qh3 21.
Re2 b5 22. Nb2 Rf5 1/2-1/2